[Event "AUTO-INT-1215"]
[Site "http://www.queenalice.com/game.php?id=544950"]
[Date "2009.2.22"]
[Round "1"]
[White "felomeno"]
[Black "dlabedz"]
[Result "1-0"]
[WhiteElo "1595"]
[BlackElo "1446"]

1. e4 d5 2. e5 d4 3. Bc4 a6 4. Qf3 e6 5. Nh3 Nh6 6. d3 Nf5 7. Bg5 Be7 8. g3 h6
9. Bxe7 Qxe7 10. a3 b5 11. Qxa8 O-O 12. Bxb5 Bd7 13. Bxd7 Qxd7 14. Nd2 Nc6 15.
Qxa6 Rb8 16. g4 Qe8 17. gxf5 Rb6 18. Qa4 Qb8 19. b4 Nxe5 20. f6 gxf6 21. f4 c6
22. fxe5 fxe5 23. c4 e4 24. Qd1 exd3 25. Qh5 Kh7 26. Ng5+ Kg7 27. Qxf7+ Kh8 28.
Qh7# 1-0

[Event "AUTO-INT-1215"]
[Site "http://www.queenalice.com/game.php?id=544951"]
[Date "2009.2.22"]
[Round "1"]
[White "dlabedz"]
[Black "felomeno"]
[Result "0-1"]
[WhiteElo "1457"]
[BlackElo "1584"]

1. d4 Nf6 2. d5 c6 3. c4 c5 4. Nc3 a6 5. f3 d6 6. g4 h6 7. Nh3 g5 8. Bg2 h5 9.
Nxg5 hxg4 10. fxg4 Nxg4 11. h3 b5 12. hxg4 Rxh1+ 13. Bxh1 Bxg4 14. Qd3 b4 15.
Na4 Nd7 16. Bf4 Qa5 17. O-O-O Qxa4 18. a3 Bh5 19. Be4 Rb8 20. Nf3 Bg7 21. Rh1
Bxb2+ 22. Kxb2 bxa3+ 23. Kc1 a2 24. Kd2 Rb3 25. Qc2 Qb4+ 26. Kc1 a1=Q+ 0-1

[Event "AUTO-INT-1395"]
[Site "http://www.queenalice.com/game.php?id=627544"]
[Date "2009.7.30"]
[Round "1"]
[White "felomeno"]
[Black "nicholasmorassutti"]
[Result "1-0"]
[WhiteElo "1615"]
[BlackElo "1361"]

1. e4 d5 2. e5 Nc6 3. c3 Nxe5 4. d4 Nc6 5. Na3 e5 6. dxe5 Nxe5 7. Qe2 Bd6 8. f4
Qf6 9. fxe5 Bxe5 10. h4 Ne7 11. Bg5 Bg3+ 12. Kd2 Bf4+ 13. Kd1 Qf5 14. Qxe7# 1-0

[Event "AUTO-INT-1395"]
[Site "http://www.queenalice.com/game.php?id=627545"]
[Date "2009.7.30"]
[Round "1"]
[White "nicholasmorassutti"]
[Black "felomeno"]
[Result "0-1"]
[WhiteElo "1443"]
[BlackElo "1629"]

1. d4 d5 2. Nc3 e6 3. e4 a6 4. e5 h6 5. h3 b5 6. a4 b4 7. Nce2 Ne7 8. Qd3 h5 9.
c3 Nbc6 10. cxb4 Nxb4 11. Qd2 Nf5 12. Nf3 g6 13. b3 a5 14. Nc3 c6 15. Qg5 Nc2+
16. Kd1 Nxa1 17. Qf6 Qxf6 18. exf6 Nxb3 19. Bb2 Rb8 20. Bd3 Nbxd4 21. Nxd4 Nxd4
22. Ne2 Nxe2 23. Bxe2 Rxb2 24. Bd3 Rxf2 25. g3 Bb4 26. h4 Rd2+ 27. Kc1 Rxd3 28.
Kc2 Rxg3 29. Rd1 g5 30. hxg5 h4 31. Rd3 h3 32. Rxg3 h2 33. g6 h1=Q 34. Kd3 Qe4#
0-1

[Event "AUTO-INT-1395"]
[Site "http://www.queenalice.com/game.php?id=627546"]
[Date "2009.7.30"]
[Round "1"]
[White "felomeno"]
[Black "tche_elvio"]
[Result "1-0"]
[WhiteElo "1621"]
[BlackElo "1586"]

1. e4 c5 2. d4 d5 3. Bb5+ Nc6 4. c3 Bd7 5. exd5 Na5 6. Qe2 b6 7. d6 cxd4 8. dxe7
Qxe7 9. cxd4 Bxb5 10. Qxe7+ Bxe7 11. Nc3 Bb4 12. Nf3 Ne7 13. Kd1 Ba4+ 14. Nxa4
O-O 15. Bf4 Nd5 16. Be5 Nc4 17. a3 Bd6 18. Bxd6 Nxd6 19. h4 Nf4 20. h5 h6 21. g4
Ne4 22. Kc2 Rac8+ 23. Kb3 Nxf2 24. Rh4 Ne4 25. g5 Nxg5 26. Rxf4 Nxf3 27. Rxf3
Kh7 28. Nc3 g6 29. d5 a6 30. a4 gxh5 31. Rg1 f5 32. d6 Rc6 33. Ne4 Rg8 34. Nf6+
1-0

[Event "AUTO-INT-1395"]
[Site "http://www.queenalice.com/game.php?id=627547"]
[Date "2009.7.30"]
[Round "1"]
[White "tche_elvio"]
[Black "felomeno"]
[Result "1-0"]
[WhiteElo "1524"]
[BlackElo "1650"]

1. c4 e5 2. Nc3 c6 3. g3 d5 4. d4 Na6 5. e3 Bf5 6. a3 h6 7. b4 h5 8. h4 e4 9.
cxd5 Qf6 10. dxc6 Qxc6 11. Bb5 Bg4 12. Bxc6+ bxc6 13. Qa4 Nb8 14. Nxe4 Be7 15.
b5 Bd7 16. Nc3 Nf6 17. f3 O-O 18. Qc4 Bd6 19. a4 Re8 20. Nge2 Be6 21. d5 cxd5
22. Qd3 g6 23. Ba3 Bf5 24. Qd4 Ne4 25. Bxd6 Nxd6 26. Nxd5 Rc8 27. Ne7+ Kf8 28.
Nxc8 Nxc8 29. Qc5+ Ne7 30. Kf2 Nd7 31. Qd6 Rc8 32. Rhc1 Nb6 33. Rxc8+ Nxc8 34.
Qd8+ Kg7 35. e4 Be6 36. Nc3 f5 37. exf5 gxf5 38. Re1 Kf6 39. Nd5+ Bxd5 40. Qf8+
Bf7 41. a5 f4 42. Qh6+ Bg6 43. Qxf4+ Nf5 44. Qe5+ Kf7 45. Qe6+ Kg7 46. Qxc8 Nd6
47. Qd7+ Nf7 48. Qxa7 Kh6 49. Re6 Nd8 50. Qe3+ Kg7 51. Rxg6+ Kxg6 52. Qe8+ Kf5
53. Qxd8 Ke5 54. Ke3 Ke6 55. Ke4 Kf7 56. Ke5 Kg6 57. Qf6+ Kh7 58. Qg5 Kh8 59.
Qe7 Kg8 60. Kf6 Kh8 61. Qg7# 1-0

[Event "AUTO-INT-1395"]
[Site "http://www.queenalice.com/game.php?id=627548"]
[Date "2009.7.30"]
[Round "1"]
[White "felomeno"]
[Black "vila1"]
[Result "0-1"]
[WhiteElo "1660"]
[BlackElo "1815"]

1. e4 c5 2. Bc4 e6 3. Nf3 Nc6 4. c3 d5 5. exd5 exd5 6. Qe2+ Be6 7. Ng5 dxc4 8.
Nxe6 fxe6 9. Qxe6+ Qe7 10. Qxe7+ Ngxe7 11. O-O O-O-O 12. b3 Ne5 13. Na3 cxb3 14.
axb3 a6 15. b4 cxb4 16. cxb4 N7c6 17. Nc2 Nd3 18. b5 axb5 19. Ba3 b4 20. Bxb4
Bxb4 21. Ra8+ Kc7 22. Rxd8 Rxd8 23. f4 Bxd2 24. f5 Nd4 25. Nxd4 Rxd4 26. h3 Be3+
27. Kh2 Rf4 28. Rxf4 Bxf4+ 29. g3 Be5 30. Kg2 b6 31. g4 b5 32. Kf3 b4 33. Ke4 b3
34. Kxd3 h6 35. h4 Kd7 36. h5 b2 37. Kc2 Ke7 38. g5 hxg5 39. f6+ Bxf6 40. h6
gxh6 41. Kb1 g4 42. Kc2 g3 43. Kb1 g2 44. Kc2 g1=Q 45. Kd2 b1=Q 46. Ke2 Qe4+ 47.
Kd2 Qgd4+ 48. Kc1 Qc3+ 49. Kd1 Qee1# 0-1

[Event "AUTO-INT-1395"]
[Site "http://www.queenalice.com/game.php?id=627549"]
[Date "2009.7.30"]
[Round "1"]
[White "vila1"]
[Black "felomeno"]
[Result "0-1"]
[WhiteElo "1839"]
[BlackElo "1636"]

1. c4 e5 2. g3 d5 3. cxd5 Qxd5 4. Nf3 g5 5. Nc3 Qc6 6. Bg2 f6 7. d3 Bb4 8. Bd2
a5 9. O-O Nh6 10. Rc1 Nf5 11. Nxe5 Qd6 12. Nc4 Qf8 13. Nb5 Na6 14. Qa4 Kf7 15.
Bd5+ Kg6 16. Be4 Nc5 17. Nxc7 Nxa4 18. b3 Rb8 19. bxa4 Bxd2 20. Nxd2 h5 21. Rc2
b6 22. Rb1 Bb7 23. Ne6 Qe7 24. Bxf5+ Kxf5 25. Nd4+ Kg6 26. Rxb6 Rhd8 27. N2f3
Bxf3 28. Nxf3 Rxb6 29. h4 Qe6 30. hxg5 fxg5 31. Kg2 Rb4 32. d4 Rxa4 33. Rc5 Rd5
34. Ne5+ Kf6 35. Rc6 Qxc6 36. Nxc6 Rxa2 37. e4 Rb5 38. d5 a4 39. e5+ Kf5 40. d6
Rd2 41. g4+ hxg4 42. Kg3 a3 0-1

[Event "AUTO-OPEN-1738"]
[Site "http://www.queenalice.com/game.php?id=673131"]
[Date "2009.10.27"]
[Round "1"]
[White "felomeno"]
[Black "falekhine"]
[Result "0-1"]
[WhiteElo "1601"]
[BlackElo "2061"]

1. e4 c6 2. d4 d5 3. f3 a6 4. Bd3 dxe4 5. Bxe4 Nf6 6. Ne2 Nxe4 7. fxe4 Bg4 8. c3
e6 9. h3 Qh4+ 10. g3 Bxe2 11. gxh4 Bxd1 0-1

[Event "AUTO-OPEN-1738"]
[Site "http://www.queenalice.com/game.php?id=673132"]
[Date "2009.10.27"]
[Round "1"]
[White "falekhine"]
[Black "felomeno"]
[Result "1-0"]
[WhiteElo "2063"]
[BlackElo "1599"]

1. b3 e5 2. Bb2 Qf6 3. Nf3 Bd6 4. c4 b6 5. e3 Nc6 6. Be2 Ba6 7. a3 h5 8. Qc2 Nh6
9. b4 Bb7 10. Nc3 Nd4 11. exd4 exd4 12. Ne4 1-0

[Event "AUTO-OPEN-1738"]
[Site "http://www.queenalice.com/game.php?id=673133"]
[Date "2009.10.27"]
[Round "1"]
[White "felomeno"]
[Black "mp3"]
[Result "0-1"]
[WhiteElo "1638"]
[BlackElo "1562"]

1. Nf3 d5 2. e3 e6 3. Nc3 Bb4 4. Ne5 Nf6 5. Qf3 O-O 6. h4 h6 7. g4 Nbd7 8. Nxd7
Bxd7 9. g5 hxg5 10. hxg5 Nh7 11. Qh5 g6 0-1

[Event "AUTO-OPEN-1738"]
[Site "http://www.queenalice.com/game.php?id=673134"]
[Date "2009.10.27"]
[Round "1"]
[White "mp3"]
[Black "felomeno"]
[Result "1-0"]
[WhiteElo "1581"]
[BlackElo "1619"]

1. d4 d5 2. Nc3 c6 3. Nf3 f6 4. e3 Nh6 5. Be2 g5 6. h3 a5 7. a4 e5 8. dxe5 g4 9.
hxg4 Bxg4 10. exf6 Qxf6 11. Bd2 Nd7 12. e4 1-0

[Event "AUTO-INT-1649"]
[Site "http://www.queenalice.com/game.php?id=749745"]
[Date "2010.3.22"]
[Round "1"]
[White "xadrezrobocop2010"]
[Black "felomeno"]
[Result "1-0"]
[WhiteElo "1549"]
[BlackElo "1571"]

1. e4 e5 2. Nf3 d5 3. exd5 Qxd5 4. Nc3 Qd8 5. Nxe5 c6 6. Qf3 f6 7. Qh5+ g6 8.
Nxg6 hxg6 9. Qxh8 Bf5 10. Qxg8 Bxc2 11. Qe6+ Qe7 12. Qxe7+ 1-0

[Event "AUTO-INT-1649"]
[Site "http://www.queenalice.com/game.php?id=749746"]
[Date "2010.3.22"]
[Round "1"]
[White "felomeno"]
[Black "xadrezrobocop2010"]
[Result "0-1"]
[WhiteElo "1589"]
[BlackElo "1531"]

1. e4 c5 2. d4 cxd4 3. Bc4 Nc6 4. Qf3 Ne5 5. Bxf7+ Nxf7 6. Nh3 Nf6 7. O-O d6 8.
Bd2 Bxh3 9. gxh3 Ne5 10. Qb3 Rb8 11. f4 Ng6 0-1

[Event "AUTO-INT-1649"]
[Site "http://www.queenalice.com/game.php?id=749757"]
[Date "2010.3.22"]
[Round "1"]
[White "Aldo2020"]
[Black "felomeno"]
[Result "1-0"]
[WhiteElo "1648"]
[BlackElo "1577"]

1. e4 e5 2. Qf3 c6 3. Bc4 Nh6 4. d3 g5 5. g4 d5 6. exd5 Bxg4 7. Qe3 f6 8. d4 Nf5
9. Qb3 Qe7 10. f3 Nxd4 11. Qd3 Nd7 12. fxg4 Nc5 13. Qf5 Nxf5 14. gxf5 O-O-O 15.
Nc3 b5 16. Be2 b4 17. Nd1 Rxd5 18. Nf3 e4 19. Nd2 e3 20. Nc4 Qe4 21. Rf1 Qxc2
22. Ndxe3 Qxc1+ 23. Rxc1 Rd7 24. Ng4 Re7 25. Nd6+ Kc7 26. Nc4 Nd3+ 27. Kd2 Nxc1
28. Rxc1 Bg7 29. Na5 Rd7+ 30. Ke1 Rd6 31. Bf3 h5 32. Ne3 Re8 33. Kf2 g4 34. Bxc6
Rd2+ 35. Kg1 Rxe3 36. Nc4 Kxc6 37. Nxd2+ Kd5 38. Nc4 Bh6 39. Nxe3+ Bxe3+ 40. Kg2
Bxc1 41. b3 Ke5 42. Kg3 1-0

[Event "AUTO-INT-1649"]
[Site "http://www.queenalice.com/game.php?id=749758"]
[Date "2010.3.22"]
[Round "1"]
[White "felomeno"]
[Black "Aldo2020"]
[Result "0-1"]
[WhiteElo "1564"]
[BlackElo "1661"]

1. e4 Nc6 2. d4 e5 3. Bc4 Nxd4 4. c3 Ne6 5. Nf3 Qf6 6. O-O Nc5 7. Na3 Ne7 8. Nb5
Qc6 9. Bxf7+ Kd8 10. Qe2 a6 11. Na3 Qf6 12. Ng5 h6 13. Qh5 g6 14. Qg4 hxg5 15.
Bxg5 Qxf7 16. Rad1 Bg7 17. f4 d6 18. Bxe7+ Kxe7 19. f5 gxf5 20. exf5 Ke8 21. Nc4
Qf6 22. g3 Bh6 23. b4 Na4 24. Rd3 Bd7 25. Re1 Bxf5 26. Qf3 Rb8 27. Ne3 Rf8 28.
Nd5 Qf7 29. Rd4 Kd8 30. Rh4 e4 31. Qd1 Nb2 32. Qd4 Bg5 33. Rh8 Nd3 34. Rxf8+
Qxf8 35. Qa7 Kd7 36. Rf1 Nf4 37. gxf4 Bh4 38. Ne3 Qg8+ 39. Kh1 Qh8 40. Nxf5 Qg8
41. Nxh4 Qc4 0-1

[Event "AUTO-INT-1649"]
[Site "http://www.queenalice.com/game.php?id=749765"]
[Date "2010.3.22"]
[Round "1"]
[White "felomeno"]
[Black "felippy10"]
[Result "1-0"]
[WhiteElo "1548"]
[BlackElo "1516"]

1. e4 c5 2. Nf3 d6 3. d4 cxd4 4. Bc4 Bg4 5. Qxd4 Nc6 6. Bb5 Bd7 7. Bxc6 Bxc6 8.
O-O Nf6 9. Nc3 g6 10. Bf4 Bg7 11. Qc4 Rc8 12. Ng5 O-O 13. Rad1 Bxe4 14. Qe2 1-0

[Event "AUTO-INT-1649"]
[Site "http://www.queenalice.com/game.php?id=749766"]
[Date "2010.3.22"]
[Round "1"]
[White "felippy10"]
[Black "felomeno"]
[Result "0-1"]
[WhiteElo "1501"]
[BlackElo "1563"]

1. e4 e5 2. Nf3 d6 3. d4 Bg4 4. dxe5 Qe7 5. Be2 Bxf3 6. Bxf3 Qxe5 7. O-O Nc6 8.
Bg4 Qxe4 9. Re1 Qxe1+ 10. Qxe1+ Be7 11. Bg5 Nd4 12. Bxe7 Nxe7 13. Qd1 c5 14. c3
Nb5 0-1